All TWICE Songs (until NA, Solo/Unit Included) - Statistics

General Stats
  • This quiz has been taken 96 times
    34 since last reset
  • The average score is 138 of 208
Answer Stats
Answers % Correct
Alcohol-Free
100%
CHEER UP
100%
Dance The Night Away
100%
I CAN'T STOP ME
100%
Killin' Me Good
100%
Like Ooh-Ahh
100%
Likey
100%
ONE SPARK
100%
POP!
100%
SET ME FREE
100%
Signal
100%
Talk that Talk
100%
The Feels
100%
ABCD
96%
Do not touch
96%
FANCY
96%
I GOT YOU
96%
MOONLIGHT
96%
MOONLIGHT SUNRISE
96%
QUEEN
96%
SCIENTIST
96%
TT
96%
YES or YES
96%
Knock Knock
91%
Queen of Hearts
91%
What Is Love
91%
Baby Blue Love
87%
BDZ
87%
BLOOM
87%
Brave
87%
CANDY
87%
Eye Eye Eyes
87%
Feel Special
87%
HELLO (NAYEON, MOMO, CHAEYOUNG)
87%
HO!
87%
L.O.V.E
87%
MORE & MORE
87%
NEW NEW
87%
RUSH
87%
WALLFLOWER
87%
1, 3, 2 (JEONGYEON, MINA, TZUYU)
83%
Gone
83%
Look At Me
83%
Magic
83%
Perfect World
83%
PUSH & PULL (JIHYO, SANA, DAHYUN)
83%
UP NO MORE
83%
Breakthrough
78%
Celebrate
78%
CRAZY STUPID LOVE
78%
CRY FOR ME
78%
Doughnut
78%
HELL IN HEAVEN
78%
Touchdown
78%
Turtle
78%
YOU GET ME
78%
Basics
74%
CACTUS
74%
Closer
74%
CRUEL
74%
ESPRESSO
74%
GO HARD
74%
HalliGalli
74%
HOT
74%
LOVE FOOLISH
74%
Marshmallow
74%
My Headphones On
74%
Nightmare
74%
NO PROBLEM
74%
REWIND
74%
SOS
74%
STRAWBERRY
74%
When We Were Kids
74%
BLAME IT ON ME
70%
Bouquet
70%
Candy Pop
70%
Do It Again
70%
Funny Valentine
70%
HAPPY BIRTHDAY TO YOU
70%
Heart Shaker
70%
Ice Cream
70%
One In A Million
70%
Room
70%
Scandal
70%
The Best Thing I Ever Did
70%
Trouble
70%
21:29
65%
BELIEVER
65%
Butterflies
65%
Candy Boy
65%
Fanfare
65%
GOT THE THRILLS
65%
HANDLE IT
65%
Hare Hare
65%
LAST WALTZ
65%
Like A Fool
65%
Merry & Happy
65%
Precious Love
65%
SAY SOMETHING
65%
SUNSET
65%
BEHIND THE MASK
61%
BETTER
61%
CANDYFLOSS
61%
Conversation
61%
F.I.L.A (Fall In Love Again)
61%
FIREWORK
61%
HAPPY HAPPY
61%
Heaven
61%
ICON
61%
Jelly Jelly
61%
Kura Kura
61%
LALALA
61%
LOVE COUNTDOWN
61%
Pit-a-Pat
61%
RAINBOW
61%
REAL YOU
61%
Rewind you
61%
Rollin'
61%
STUCK
61%
SWEET TALKER
61%
Talkin' About It
61%
Truth
61%
Tuk Tok
61%
Wake Me Up
61%
Woohoo
61%
1 To 10
57%
24/7
57%
BRAND NEW GIRL
57%
Don't Wanna Go Back
57%
Ffw
57%
First Time
57%
GET LOUD
57%
Hold Me Tight
57%
Jaljayo Good Night
57%
Love Line
57%
MAKE ME GO
57%
Next Page
57%
One More Time
57%
OXYGEN
57%
Pink Lemonade
57%
Ponytail
57%
SAY YES
57%
SAY YOU LOVE ME
57%
SHOT CLOCK
57%
Someone Like Me
57%
Strawberry Moon
57%
STUCK IN MY HEAD
57%
Three Times A Day
57%
Wishing
57%
CHILLAX
52%
Count It
52%
Dance Again
52%
DEJAVU
52%
DEPEND ON YOU
52%
Ding Dong
52%
DON'T CALL ME AGAIN
52%
Don't Give Up
52%
Fake & True
52%
GIRLS LIKE US
52%
Going Crazy
52%
It's not easy for you
52%
I WANT YOU BACK
52%
Missing U
52%
Scorpion
52%
SHADOW
52%
Shot Thru The Heart
52%
Something
52%
SWEET SUMMER DAY
52%
TRICK IT
52%
What You Waiting For
52%
Wishing On You
52%
You In My Heart
52%
YOUNG & WILD
52%
Be as ONE
48%
Behind The Curtain
48%
BRING IT BACK
48%
Catch a Wave
48%
Changing!
48%
DO WHAT WE LIKE
48%
Four-leaf Clover
48%
LUV ME
48%
Only You
48%
PROMISE
48%
TURN IT UP
48%
Wonderful day
48%
AFTER MOON
43%
In the summer
43%
Just be yourself
43%
SWING
43%
Thank you, Family
43%
TICK TOCK
43%
Voices of Delight
43%
Wow
43%
Be OK
39%
Bitter Sweet
39%
Flow like waves
39%
How u doin'
39%
PIECES OF LOVE
39%
POLISH
39%
Sandcastle
39%
Say it again
39%
STAY BY MY SIDE
39%
Stronger
39%
That's all I'm saying
39%
The Reason Why
39%
ALL OR NOTHING
35%
Good at Love
35%
No matching quizzes found
Score Distribution
Percent of People with Each Score
Percentile by Number Answered
Your Score History
You have not taken this quiz since the last reset